Quiz o Kielcach - Statystyki

Ogólne statystyki
  • Ten quiz został rozwiązany 1 059 razy
  • Średni wynik to 10 z 20
Statystyki odpowiedzi
Wskazówka Odpowiedź % Poprawnych
Założony w 1973 roku klub piłkarski grający obecnie w Ekstraklasie, finalista pucharu Polski w 2007 roku Korona Kielce
89%
Najstarsze w Polsce i jedno z najstarszych w Europie pasmo górskie Góry Świętokrzyskie
81%
Dworzec autobusowy w Kielcach wyglądem przypomina ten obiekt latający UFO
71%
Związany z Kielcami jeden z najwybitniejszych polskich pisarzy, autor między innymi ,,Przedwiośnia". W mieście znajduje się muzeum jego imienia Stefan Żeromski
69%
Potoczne określenie mieszkańca Kielc Scyzoryk
67%
Klub piłki ręcznej, wielokrotny mistrz i zdobywca pucharu Polski, zwycięzca Ligi Mistrzów w 2016 roku Industria Kielce
66%
Raper, przedsiębiorca i polityk. Autor piosenki o tytule tożsamym z odpowiedzią na powyższe pytanie Liroy
61%
W Kielcach znajduje się pierwszy w Europie pomnik upamiętniający atak terrorystyczny na te budynki (jak również inne ataki) World Trade Center
58%
Z tym zjawiskiem atmosferycznym kojarzony jest zarówno kielecki dworzec, jak i całe miasto Wiatr
55%
Przykład powyższego niedaleko centrum miasta, miejsce ważnych znalezisk paleontologicznych. Znajduje się tam też słynny amfiteatr Kadzielnia
54%
Drugie najważniejsze centrum wystawiennicze w Polsce Targi Kielce
46%
Rzeka przepływająca przez Kielce, dopływ Wisły IV rzędu Silnica
45%
Kielce to jedno z pięciu miast wojewódzkich w Polsce nieposiadających tego węzła komunikacyjnego Port lotniczy
44%
Kielce posiadają najwięcej tych form ochrony przyrody spośród wszystkich miast w Polsce Rezerwat przyrody
44%
Prezydent Kielc Agata Wojda
41%
Góra znajdująca się w granicach miasta. Stoi na niej maszt radiowy (na literę T) Telegraf
40%
Najbogatszy Polak 2020 i 2021 roku (według magazynu Forbes), kierowca rajdowy, przedsiębiorca Michał Sołowow
37%
Barokowa budowla, XVII-wieczna rezydencja krakowskich duchownych Pałac Biskupów Krakowskich
30%
Coroczne, trzecie co do wielkości w Europie wydarzenie z branży obronnej odbywające się w powyższym Międzynarodowy Salon Przemysłu Obronnego
14%
Międzynarodowe zawody łazików marsjańskich odbywające się od 2014 roku na terenie Politechniki Świętokrzyskiej European Rover Challenge
9%
Nie znaleziono quizów pasujących do podanych kryteriów
Rozkład punktacji
Procent ludzi z każdym wynikiem
Percentyl według liczby udzielonych odpowiedzi
Twoja historia wyników
Nie rozwiązałeś tego quizu